• 首页
  • 本馆介绍
  • 公告通知
  • 最新文献
  • 馆藏检索
  • 电子资源
  • 读者导购
  • 参考咨询
  • 我的图书馆
  • 登录
  • 详细信息显示
  • 放入我的书架
  • 预约/预借图书
  • 作者相关作品
  • 分类相关作品
  • 丛书相关作品
  • 出版社相关作品

书目信息

  • 表格格式
  • 工作单格式
  • 卡片格式
题名:
世界文化报告
    
 
作者: 联合国教科文 组织 ;关世杰
分册:  
出版信息: 北京   北京大学出版社  2000
页数:
开本: 26cm
丛书名:
单 册:
中图分类: G2
科图分类:
主题词: 知识--传播 , 信息
电子资源:
ISBN: 7-301-04305-8
000 00699nam0 2200217 450
001 0735257515
005 20070904094737.51
010    @a7-301-04305-8@d50
100    @a20070904d km y0chiy0120 ea
101 0  @achi
200 1  @a世界文化报告@Ashi jie wen hua bao gao@e文化创新与市场@f联合国教科文组织@Flian he guo jiao ke wen zu zhi@g关世杰等@Gguan shi jie deng
210    @a北京@c北京大学出版社@d2000
215    @d26cm
517 1  @a文化创新与市场@Awen hua chuang xin yu shi chang
606 0  @a知识@x传播
606 0  @a信息
690    @aG2@v3
701  0 @a联合国教科文@Alian he guo jiao ke wen@4组织
702  0 @a关世杰@Aguan shi jie
801  0 @aCN@bPFT@c20070904
905    @a213230@dG2@ea12@f1
    
    世界文化报告:文化创新与市场/联合国教科文组织/关世杰等.-北京:北京大学出版社,2000
    26cm
    
    
    ISBN 7-301-04305-8:50
    
●
相关链接 在E读中查询图书 在五车中查询图书 在当当中查询图书 在豆瓣中查询图书


正题名:世界文化报告     索取号:G2/a12         预约/预借

序号 登录号 条形码 馆藏地/架位号 状态 备注
1 7503384   275033848   密集书库-史法系/ [索取号:G2/a12] 在馆    
唐山师范学院图书馆 欢迎您!
大连网信软件有限公司© 版权所有